000 00283nam a22001217a 4500
003 OSt
008 241210b |||||||| |||| 00| 0 eng d
041 _aeng
100 _aNorris, Roy C
_96468
245 _aPrinciples of Electricity Illustrated
260 _bCurrent Books
942 _cBK
999 _c18431
_d18431